<?xml version="1.0" encoding="UTF-8"?>
<record
    xmlns:xsi="http://www.w3.org/2001/XMLSchema-instance"
    xsi:schemaLocation="http://www.loc.gov/MARC21/slim http://www.loc.gov/standards/marcxml/schema/MARC21slim.xsd"
    xmlns="http://www.loc.gov/MARC21/slim">

  <leader>01286nam a22002297a 4500</leader>
  <controlfield tag="003">OSt</controlfield>
  <controlfield tag="005">20250624160423.0</controlfield>
  <controlfield tag="008">250624s2023    ag ||||| |||| 00| f spa d</controlfield>
  <datafield tag="020" ind1=" " ind2=" ">
    <subfield code="a">9789504974611</subfield>
  </datafield>
  <datafield tag="040" ind1=" " ind2=" ">
    <subfield code="c">besoc</subfield>
  </datafield>
  <datafield tag="100" ind1="1" ind2="0">
    <subfield code="a">Kellen, Alice, </subfield>
    <subfield code="d">1989-</subfield>
  </datafield>
  <datafield tag="245" ind1="1" ind2="0">
    <subfield code="a">Nosotros en la luna /</subfield>
    <subfield code="c">Alice Kellen</subfield>
  </datafield>
  <datafield tag="260" ind1=" " ind2=" ">
    <subfield code="a">Buenos Aires :</subfield>
    <subfield code="b">Planeta,</subfield>
    <subfield code="c">2023</subfield>
  </datafield>
  <datafield tag="300" ind1=" " ind2=" ">
    <subfield code="a">477 p.</subfield>
  </datafield>
  <datafield tag="520" ind1=" " ind2=" ">
    <subfield code="a">Una noche en Par&#xED;s. Dos caminos entrelaz&#xE1;ndose.
Cuando Rhys y Ginger se conocen en las calles de la Ciudad de la Luz, no imaginan que sus vidas se unir&#xE1;n para siempre, a pesar de la distancia y de que no pueden ser mas diferentes. Ella vive en Londres y a veces se siente tan perdida que se ha olvidado hasta de sus propios sue&#xF1;os. &#xC9;l es incapaz de quedarse quieto en ning&#xFA;n lugar y cree saber quien es. Y cada noche su amistad crece entre e-mails llenos de confidencias, dudas e inquietudes. Pero &#xBF;Qu&#xE9; ocurre cuando el paso del tiempo pone a prueba su relacion? &#xBF;Es posible colgarse de la luna junto a otra persona sin poner el riesgo el coraz&#xF3;n?
Una historia sobre el amor, el destino y la b&#xFA;squeda de uno mismo. [Nota del editor]</subfield>
  </datafield>
  <datafield tag="648" ind1=" " ind2="4">
    <subfield code="a">Siglo XXI</subfield>
  </datafield>
  <datafield tag="650" ind1=" " ind2="4">
    <subfield code="a">Literatura</subfield>
  </datafield>
  <datafield tag="651" ind1=" " ind2="4">
    <subfield code="a">Espa&#xF1;a</subfield>
  </datafield>
  <datafield tag="653" ind1=" " ind2=" ">
    <subfield code="a">Colecci&#xF3;n juvenil</subfield>
  </datafield>
  <datafield tag="655" ind1=" " ind2="4">
    <subfield code="a">Novela</subfield>
  </datafield>
  <datafield tag="942" ind1=" " ind2=" ">
    <subfield code="2">udc</subfield>
    <subfield code="c">OG</subfield>
    <subfield code="n">0</subfield>
  </datafield>
  <datafield tag="999" ind1=" " ind2=" ">
    <subfield code="c">525</subfield>
    <subfield code="d">525</subfield>
  </datafield>
  <datafield tag="952" ind1=" " ind2=" ">
    <subfield code="0">0</subfield>
    <subfield code="1">0</subfield>
    <subfield code="2">udc</subfield>
    <subfield code="4">0</subfield>
    <subfield code="7">0</subfield>
    <subfield code="8">CG</subfield>
    <subfield code="a">ESOCIALES</subfield>
    <subfield code="b">ESOCIALES</subfield>
    <subfield code="d">2025-06-24</subfield>
    <subfield code="l">1</subfield>
    <subfield code="o">82-31(460) K29</subfield>
    <subfield code="p">001451</subfield>
    <subfield code="r">2026-05-05 15:07:11</subfield>
    <subfield code="s">2026-04-17</subfield>
    <subfield code="w">2025-06-24</subfield>
    <subfield code="y">OG</subfield>
  </datafield>
</record>
